| 000 | 01086cam a22003133a 4500 | ||
|---|---|---|---|
| 001 | 0000784 | ||
| 003 | DO-SdBNP | ||
| 005 | 20180213142706.0 | ||
| 007 | 0000784 | ||
| 008 | 861112 2004 mx a 000 0 spa d | ||
| 010 | _a | ||
| 020 | _a9789681910143 | ||
| 040 |
_aBPMSU _cspa _dBPMSU _d |
||
| 100 | 1 |
_aBen Jelloun, Tahar _d1944- |
|
| 245 | 1 | 0 |
_aPapá, ¿qué es el racismo ? / _cTahar Ben Jelloun ; prólogo Fernando Savater ; traducción Malika Embarek López |
| 250 | _a5a. ed. | ||
| 260 |
_aMéxico : _bSantillana ediciones generales, _bAlfaguara, _c2004. _g(5ta. reimpresión 2008) |
||
| 300 |
_a101 p. : _bil. _c20 cm. |
||
| 490 | 0 | _aAlfaguara infantil | |
| 500 | _aLa biblioteca posee la 5ta. reimpresión de junio 2008 y la 8va. reimpresión de marzo 2009 de la primera edición de junio 2004. | ||
| 521 | _aA partir de 10 años. | ||
| 600 | 0 | 0 |
_a _x |
| 700 | 1 | 2 |
_aSavater, Fernando _eprol. |
| 700 | 1 | 2 |
_aEmbarek López, Malika _etrad. |
| 830 | 0 | _aAlfaguara infantil | |
| 942 |
_2ddc _cBK |
||
| 945 | _aInventariado, 2018 / YL | ||
| 956 |
_aYLOCKWARD _b10 _cBPMSU |
||
| 999 |
_c11802 _d11802 |
||